000 00431nam a2200181Ia 4500
001 23258
005 20260414150925.0
008 260414t2005||||xx |||||||||||||| ||spa||
041 _aESP
082 _a628
_bD31
100 _aDavis, Mackenzie L.
_eAUT
245 0 _aIngenierĂ­a y ciencias ambientales
_b
260 _c2005
300 _a750 páginas :
_c27 cm.
650 _aCNM
654 _aCCN
942 _cLIB
_dJUS
_fJUS
_2ddc
_n
999 _c23258
_d23258